| 000 | 00671nam a2200205 a 4500 | ||
|---|---|---|---|
| 001 | 000009795 | ||
| 005 | 20240412074213.0 | ||
| 008 | 091001s1985 dr 000 p spa d | ||
| 040 |
_aDO-SdBNP _bspa _cBNPHU |
||
| 082 |
_aRD861.44 _bB837e |
||
| 100 | 1 |
_aBrenes de Puello, Gladialisa _924701 |
|
| 245 | 1 | 0 |
_aEn el altar de los sueños / _cGladialisa Brenes de Puello. |
| 260 |
_aSanto Domingo : _bCorripio, _c1985. |
||
| 300 |
_a81 p. ; _c22 cm. |
||
| 500 | _aIncluye datos biográficos del autor en la solapa. | ||
| 590 | _aInventariado, 2018/LP | ||
| 650 | 0 |
_aPoesía dominicana _966 |
|
| 650 | 0 |
_aLiteratura dominicana. _967 |
|
| 910 | _aValidado. Control de calidad MFF | ||
| 999 |
_c9554 _d9554 |
||